书目信息 |
| 题名: |
热带非洲政治史
|
|
| 作者: | 罗特伯格 著 ;上海电影译制厂翻译组 译 | |
| 分册: | 上册 | |
| 出版信息: | 上海 上海人民出版社 1977.2 |
|
| 页数: | 400页 | |
| 开本: | 19cm | |
| 丛书名: | ||
| 单 册: | ||
| 中图分类: | K400 | |
| 科图分类: | ||
| 主题词: | 非洲--历史 | |
| 电子资源: | ||
| ISBN: | ||
| 000 | 00651nam0 2200205 45 | |
| 001 | 0212170960 | |
| 005 | 20060719163700.61 | |
| 010 | @dCNY2.55 | |
| 091 | @a11171.100 | |
| 100 | @a20021217d1977 km y0chiy0120 ea | |
| 101 | 0 | @achi |
| 200 | 1 | @a热带非洲政治史@ARe Dai Fei Zhou Zheng Zhi Shi@h上册@f(美)罗伯特·罗特伯格著@F(Mei)Luo Bo Te·Luo Te Bo Ge Zhu@g上海电影译制厂翻译组译 |
| 210 | @a上海@c上海人民出版社@d1977.2 | |
| 215 | @a400页@d19cm | |
| 606 | 0 | @a非洲@x历史 |
| 690 | @aK400@v4 | |
| 701 | 0 | @a罗特伯格@4著 |
| 711 | 02 | @a上海电影译制厂翻译组@AShang Hai Dian Ying Yi Zhi Chang Fan Yi Zu@4译 |
| 801 | @aCN@bTSTC@c20060719 | |
| 905 | @dK400@e7:1 | |
| 热带非洲政治史.上册/(美)罗伯特·罗特伯格著/上海电影译制厂翻译组译.-上海:上海人民出版社,1977.2 |
| 400页;19cm |
| ISBN :CNY2.55 |
| ● |
| 相关链接 |
|
|
|
|
正题名:热带非洲政治史
索取号:K400/7:1
 
预约/预借
| 序号 | 登录号 | 条形码 | 馆藏地/架位号 | 状态 | 备注 |
| 1 | 0022783 | 202225396 | 密集书库/ [索取号:K400/7:1] | 在馆 | |
| 2 | 0219139 | 001749353 | 第二样本阅览室/ [索取号:K400/7:1] | 在馆 | |
| 3 | 0228301 | 000359908 | 第二借阅区/ [索取号:K400/7:1] | 在馆 | |
| 4 | 0228302 | 000359962 | 第二借阅区/ [索取号:K400/7:1] | 在馆 | |
| 5 | 0435106 | 204351067 | 密集书库/ [索取号:K400/7:1] | 在馆 |